Sports Illustrated’s top 20 WWE Wrestlers of all time - Statistics

General Stats
  • This quiz has been taken 43 times
  • The average score is 13 of 20
Answer Stats
Hint Answer % Correct
#3 The Rock
97%
#6 The Undertaker
95%
#2 Hulk Hogan
92%
#8 Shawn Michaels
89%
#4 John Cena
87%
#7 Triple H
87%
#1 Stone Cold Steve Austin
79%
#15 Randy Orton
76%
#5 Roman Reigns
66%
#9 Bret Hart
63%
#16 Andre The Giant
61%
#18 Chris Jericho
55%
#14 Edge
53%
#19 Mick Foley
50%
#12 Kurt Angle
47%
#17 CM Punk
45%
#10 Bruno Sammartino
42%
#11 “Macho Man” Randy Savage
37%
#20 Becky Lynch
21%
#13 “Rowdy” Roddy Piper
21%
No matching quizzes found
Score Distribution
Percent of People with Each Score
Percentile by Number Answered
Your Score History
You have not taken this quiz